000 01128nam0a22002891 4500
001 v19\rc\1841542
005 20260406025901.0
035 _a(NLR Aleph) 004935034
090 _a5720407
_c5720407
100 _a20071224d1908 u y0rusy50 ca
101 0 _arus
102 _aRU
105 _ay c |||||
200 1 _aСборник экзаменационных программ юридического факультета С.-Петербургского университета
_e(С указанием необходимых пособий)
210 _aСанкт-Петербург
_cЛештук. паровая скоропеч. П.О. Яблонского
_d1908
215 _a100 с.
_d20
300 _aПеред загл.: В. Е-в
702 1 _4220
_8rus
_7ca
_aВытропский
_bЕ. К.
_gЕраст К.
_3RU\NLR\AUTH\77298
_9110354
712 0 2 _aПетербургский университет
801 0 _aRU
_bNLR
_gpsbo
801 0 _aRU
_bRuMoRGB
_2psbo
801 1 _aRU
_bProSoft-M
_2rusmarc
852 _aNLR
_j37.5.8.40
899 _aRuMoRGB
_jU 26/215
899 _aБАН
942 _cBOOK
980 _aNB